000 00605nam a2200181Ia 4500
008 090124s9999 xx 000 0 und d
082 _b5507
100 _aखैर ग.श्री.
245 _a पाश्चिमात्य शिक्षणपध्दती
250 _a1
260 _c1937
300 _a444
600 _aखैर ग.श्री.
630 _a पाश्चिमात्य शिक्षणपध्दती
700 _aखैर ग.श्री.
730 _a पाश्चिमात्य शिक्षणपध्दती
942 _cBOOK
999 _c84541
_d84541